01143nam a2200181 a 4500008004100000020001500041245007900056250001100135260004200146300001100188500011900199505054700318655001200865700002200877700002500899700001900924700001800943161215t2003 mx |||g |||| 001 1 spa d a987000251X 7aLo que murmura el viento.bUn regalo para el corazón /cAnthony de Mello a1a ed. aBuenos Aires ; Mexico:bLumen;c2003. a173 p. aDe Mello, A. et al. (2003). Lo que murmura el viento. Un regalo para el corazón. (1a ed.). Buenos Aires : Lumen. aEste libro es un regalo para el corazón, para tu corazón cansado, endurecido por el trajín cotidiano. Descubrirás que tu corazón aún es capaz de sorprenderse. Que la vida del espíritu es una gran fuente de agua fresca que está constantemente fluyendo en ti. Cuatro grandes autores de espiritualidad contemporánea opinan sobre cómo hallar la serenidad interior, cómo combatir el estrés, cómo revitalizar nuestra relación con Dios..., en fin, te ofrecen un gozoso regalo. Sólo tienes que recibirlo a manos llenas.  aRelatos1 aDe Mello, Anthony1 aLarrañaga, Ignacio1 aMerton, Thomas1 aNouwen, Henri